Africa and Oceania Countries - Sudden Death - Statistics

General Stats
  • This quiz has been taken 44 times
  • The average score is 11 of 14
Answers on the Grid
Answers color-coded by a green-red scale on the quiz's grid according to % correct below.
Afghanistan
Angola
Antigua and Barbuda
Bandar Seri Begawan
Burkina Faso
Cameroon
Comoros
Dominica
Eritrea
Fiji
Guinea-Bissau
Havana
Ireland
Ivory Coast
Lagos
Laos
Lebanon
Maldives
Mauritius
Marshall Islands
Namibia
Nicaragua
Ottawa
Papua New Guinea
Seychelles
Trinidad and Tobago
Ulaanbaatar
Vanuatu
 
Answer Stats
Answer % Correct
Africa Eritrea
94%
Africa Angola
91%
Oceania Fiji
91%
Africa Ivory Coast
91%
Africa Burkina Faso
88%
Africa Cameroon
88%
Africa Guinea-Bissau
79%
Africa Namibia
73%
Africa Comoros
70%
Oceania Marshall Islands
70%
Oceania Papua New Guinea
70%
Africa Seychelles
70%
Oceania Vanuatu
70%
Africa Mauritius
67%
No matching quizzes found
Score Distribution
Percent of People with Each Score
Percentile by Number Answered
Your Score History
You have not taken this quiz